000 00464 a2200157 4500
003 NUST
038 _a0
082 _a330
_bSBP
100 _aState Bank of Pakistan.
_912304
245 _aFinancial Statements Analysis of Companies ( Non-Financial) Listed at Karachi Stock Exchange.
_cState Bank of Pakistan.
260 _aPakistan
_bState Bank of Pakistan.
_c2005-2010
300 _a490p.
500 _aPaper cover
563 _aP.B
942 _aNBS
_cBK
_k330
_2ddc
999 _c349190
_d349190